000
00210nam a22000857a 4500
008
161214b xxu||||| |||| 00| 0 eng d
100
_9
2056
_a
Blyton.E.
245
_a
The Famous Five-14
260
_a
London
_b
Hodder
_c
2004
999
_c
4928
_d
4928